High School Track and Field Events - Statistics

General Stats
  • This quiz has been taken 168 times
  • The average score is 16 of 19
Answer Stats
Answer % Correct
100m
99%
200m
96%
400m
96%
Long Jump
93%
Discus
92%
Shotput
92%
High Jump
91%
800m
88%
1600m
84%
Pole Vault
84%
Javelin
82%
Triple jump
79%
300m hurdles
78%
4x100m relay
74%
4x400m relay
74%
3200m
72%
110m hurdles
69%
4x800m relay
58%
4x200m relay
55%
No matching quizzes found
Score Distribution
Percent of People with Each Score
Percentile by Number Answered
Your Score History
You have not taken this quiz